[Event "Lloyds Bank Masters 18th"]
[Site "London"]
[Date "1994.08.29"]
[Round "10"]
[White "Ward, Christopher R"]
[Black "Ansell, Simon T"]
[Result "1/2-1/2"]
[WhiteElo "2490"]
[BlackElo "2305"]
[PlyCount "120"]
[EventDate "1994.08.20"]
[EventType "swiss"]
[EventRounds "10"]
[EventCountry "ENG"]
[SourceTitle "BritBase"]

1. d4 Nf6 2. c4 c5 3. d5 b5 4. a4 bxc4 5. Nc3 g6 6. e4 d6 7. Bxc4 Bg7 8. f4 O-O
9. Nf3 Ba6 10. Bb5 Bb7 11. O-O Ne8 12. f5 Nd7 13. Bg5 Nc7 14. Qd2 Nxb5 15. axb5
a6 16. bxa6 Bxa6 17. Rf2 Nf6 18. h3 Qc7 19. Re1 Bb7 20. Bh6 Rfb8 21. Qg5 Qd8
22. fxg6 hxg6 23. Bxg7 Kxg7 24. Nh4 Bc8 25. Nf5+ Bxf5 26. exf5 Rb4 27. fxg6
fxg6 28. Re6 Ra1+ 29. Kh2 Ra7 30. Nd1 Kh7 31. Ne3 Qf8 32. Qg3 Qg7 33. Rfxf6
exf6 34. Ng4 Rxg4 35. Qxg4 Rf7 36. Rxd6 f5 37. Qh4+ Qh6 38. Qf2 f4 39. Qf3 Qg5
40. Rc6 Re7 41. Rxc5 Re3 42. Qg4 Qxg4 43. hxg4 Re2 44. Kh3 Rxb2 45. g5 Rd2 46.
Rc7+ Kg8 47. Rd7 Kf8 48. d6 Rd3+ 49. Kg4 Rd4 50. Kf3 Kg8 51. g3 fxg3 52. Kxg3
Kf8 53. Kf3 Rd5 54. Kf4 Rf5+ 55. Kg4 Rd5 56. Rd8+ Kf7 57. Kf4 Ke6 58. Rg8 Rd4+
59. Ke3 Rxd6 60. Rxg6+ Ke5 1/2-1/2

[Event "Lloyds Bank Masters 18th"]
[Site "London"]
[Date "1994.08.29"]
[Round "10"]
[White "Webster, Andrew"]
[Black "Quinn, Mark"]
[Result "1-0"]
[WhiteElo "2405"]
[BlackElo "2305"]
[PlyCount "95"]
[EventDate "1994.08.20"]
[EventType "swiss"]
[EventRounds "10"]
[EventCountry "ENG"]
[SourceTitle "BritBase"]

1. c4 e5 2. g3 Nf6 3. Bg2 d5 4. cxd5 Nxd5 5. Nf3 Nc6 6. O-O Nb6 7. d3 Be7 8. a3
Be6 9. Nbd2 a5 10. b3 O-O 11. Bb2 f6 12. Qc2 Qd7 13. Rfd1 Rfd8 14. Rac1 Qe8 15.
Qb1 Qf7 16. Nc4 Rac8 17. Nfd2 Bd5 18. Bxd5 Qxd5 19. Nf3 Nd4 20. Bxd4 exd4 21.
Qb2 Qc5 22. b4 axb4 23. axb4 Qxb4 24. Qxb4 Bxb4 25. Nxb6 cxb6 26. Rxc8 Rxc8 27.
Nxd4 Kf7 28. Rb1 Ba5 29. Kg2 g6 30. g4 Rc5 31. Nb5 Ke6 32. e4 Kd7 33. d4 Rc2
34. Kf3 Kc6 35. Ke3 Kd7 36. h4 Ra2 37. h5 Bd2+ 38. Kd3 g5 39. f3 Bf4 40. Nc3
Rd2+ 41. Kc4 Kc6 42. Nd5 Rc2+ 43. Kd3 Rd2+ 44. Kc3 Rf2 45. Rxb6+ Kd7 46. Rxb7+
Kc8 47. Rxh7 Rxf3+ 48. Kc4 1-0

[Event "Lloyds Bank Masters 18th"]
[Site "London"]
[Date "1994.08.29"]
[Round "10"]
[White "Williams, Simon Kim"]
[Black "Sowray, Peter J"]
[Result "1/2-1/2"]
[WhiteElo "2185"]
[BlackElo "2335"]
[PlyCount "134"]
[EventDate "1994.08.20"]
[EventType "swiss"]
[EventRounds "10"]
[EventCountry "ENG"]
[SourceTitle "BritBase"]

1. c4 g6 2. Nc3 c5 3. g3 Bg7 4. Bg2 Nc6 5. e4 Rb8 6. Nge2 a6 7. a4 e6 8. O-O
Nge7 9. d3 O-O 10. Rb1 b6 11. Be3 Nd4 12. b4 d6 13. Bc1 Bb7 14. Nxd4 Bxd4 15.
Ne2 Bg7 16. Bb2 Bxb2 17. Rxb2 Qc7 18. b5 axb5 19. axb5 d5 20. Qb3 dxc4 21. dxc4
Rbd8 22. Ra2 Rd7 23. Ra7 Rfd8 24. Nc3 Qe5 25. Rd1 Rxd1+ 26. Nxd1 Qb8 27. Ra1
Rd4 28. Qc2 Qe5 29. Ra7 Bxe4 30. Bxe4 Qxe4 31. Qxe4 Rxe4 32. Ne3 Nf5 33. Nxf5
exf5 34. Rb7 Re6 35. h4 Kg7 36. Kg2 h6 37. f4 Kf6 38. Kf3 Kg7 39. Kf2 Rd6 40.
Ke3 Re6+ 41. Kf3 Kf8 42. Kf2 Ke8 43. Kf3 h5 44. Kf2 Re4 45. Rxb6 Rxc4 46. Rb7
Rc2+ 47. Ke3 Rc3+ 48. Kf2 Rb3 49. b6 c4 50. Rc7 c3 51. b7 Kd8 52. Rxc3 Rxb7 53.
Rc6 Rb2+ 54. Ke3 Rb3+ 55. Kf2 Ke7 56. Ra6 Rb2+ 57. Ke3 Rb3+ 58. Kf2 Rd3 59.
Ra7+ Ke6 60. Ra6+ Rd6 61. Ra5 Rc6 62. Re5+ Kd6 63. Ra5 Rc5 64. Ra6+ Kd5 65. Ra7
Rc2+ 66. Ke3 Rc3+ 67. Kf2 Rc2+ 1/2-1/2